| 000 | 00482nam a2200157Ia 4500 | ||
|---|---|---|---|
| 008 | 210210b2006 xxu||||| |||| 00| 0 eng d | ||
| 020 | _a81 316 0017 3 | ||
| 082 | _a303.62 LOBC | ||
| 100 | _aLOBO (Lancy) and DAS (Biswaroop). Ed. | ||
| 245 | _aCommunal violence and minorities: Gujarat society in ferment. | ||
| 260 |
_aJainpur _bRawat Publications _c2006 |
||
| 300 | _axii,228 | ||
| 650 | _aCommunal Violence Minorities Gujarat | ||
| 690 | _aSocial Processes | ||
| 906 | _a061493 | ||
| 999 |
_c108341 _d108341 |
||